Представление документа в формате MARC21

Поле Инд. ПП Название Значение
Тип записи a
Библиографический уровень m
001 Контрольный номер 9006202ad33f48329ede864a34d18623
005 Дата корректировки 20260404123723.9
008 Кодируемые данные 20210319
022 0_ a ISSN 2304-1501
084 a Индекс другой классификации/Индекс ББК 39
090 a Полочн. индекс 95.2
099 a Индекс 22792
245 10 a Заглавие Авиация и Время
n Номер части/ раздела №4/2020
b Продолж. заглавия научно-популярный авиационный журнал Украины
c Ответственность гл. ред. О.М. Ларионов
h Физич. носитель Текст
246 _1 a Другая форма заглавия АиВ
260 c Дата издания 2020
b Издательство Авиация и Время
a Место издания Киев
300 a Объем 52 с.
500 a Примечание Журнал
505 0_ a Форматированное содержание Меч самурая: палубный истребитель "Мицубиси" А6М "Зеро"
b Автор Харук А.
505 0_ a Форматированное содержание Пролог второй "холодной войны"?
b Автор Мараев Р.
505 0_ a Форматированное содержание Ан-12 в гражданской авиации Украины
b Автор Черников О.
505 0_ a Форматированное содержание Ливия: война после войны
b Автор Котлобовский А.
505 0_ a Форматированное содержание Шведская "Бочка" на военной службе
b Автор Котлобовский А.
650 04 a Основная рубрика летательные аппараты
653 0_ a Ключевые слова бомбардировочная авиация
a Ключевые слова бомбардировщики
a Ключевые слова военная авиация
a Ключевые слова военные конфликты
a Ключевые слова гражданская авиация
a Ключевые слова история авиации
a Ключевые слова истребители
a Ключевые слова истребительная авиация
a Ключевые слова летно-технические характеристики
a Ключевые слова Ливия
a Ключевые слова локальные конфликты
a Ключевые слова Организация Североатлантического договора (НАТО)
a Ключевые слова палубная авиация
a Ключевые слова Россия
a Ключевые слова самолеты-разведчики
a Ключевые слова схемы самолетов
a Ключевые слова США
a Ключевые слова техническое оснащение
a Ключевые слова Украина
a Ключевые слова Швеция
a Ключевые слова Япония
773 18 w Контрольный № источника 8d0c94a302544398967022c701822f53
901 t Тип документа s
952 a Тип литературы для КСУ ВШ НЖ
991 s 3